[Event "IV Festival A"]
[Site "Cesenatico ITA"]
[Date "1999.08.??"]
[Round "7"]
[White "Vancini, Edoardo"]
[Black "Prelati, Maurizio"]
[Result "1-0"]
[WhiteElo "2255"]
[BlackElo "2129"]
[PlyCount "75"]
[EventDate "1999.08.30"]

1. e4 c5 2. c3 d5 3. exd5 Qxd5 4. d4 Nc6 5. Nf3 cxd4 6. cxd4 e5 7. Nc3 Bb4 8.
Bd2 Bxc3 9. Bxc3 e4 10. Ne5 Nxe5 11. dxe5 Ne7 12. Qa4+ Bd7 13. Qa3 Qe6 14. Rd1
O-O 15. Be2 Nd5 16. Bc4 Bc6 17. Qc5 Rfd8 18. O-O b6 19. Qd4 Qe7 20. Qxe4 Nxc3
21. Rxd8+ Rxd8 22. Qxc6 Nd1 23. e6 Nxb2 24. exf7+ Kf8 25. Bb3 Nd3 26. Qc2 h6
27. Rd1 Ne5 28. Rc1 Nxf7 29. Qf5 Re8 30. h4 Qf6 31. Qd5 g6 32. g3 Kg7 33. Rc6
Qe7 34. h5 gxh5 35. Qf5 h4 36. Re6 Qf8 37. Rg6+ Kh8 38. Qf6+ 1-0

[Event "IV Festival A"]
[Site "Cesenatico ITA"]
[Date "1999.08.??"]
[Round "7"]
[White "Visser, Yge"]
[Black "Zucconi, Leandro"]
[Result "1-0"]
[WhiteElo "2378"]
[BlackElo "2180"]
[PlyCount "49"]
[EventDate "1999.08.30"]

1. e4 e6 2. d3 d5 3. Nd2 Nf6 4. Ngf3 dxe4 5. dxe4 b6 6. Bb5+ c6 7. Be2 Be7 8.
e5 Nd5 9. Ne4 O-O 10. a3 Nd7 11. c4 Nc7 12. Qc2 Nc5 13. Nxc5 Bxc5 14. Ng5 g6
15. Ne4 Ne8 16. Bh6 Ng7 17. Rd1 Qc7 18. Qc3 Be7 19. h4 Rd8 20. h5 Bb7 21. hxg6
Rxd1+ 22. Bxd1 fxg6 23. c5 Nf5 24. Bg5 Bxg5 25. Nxg5 1-0

[Event "IV Festival A"]
[Site "Cesenatico ITA"]
[Date "1999.08.??"]
[Round "7"]
[White "Zama, Domenico"]
[Black "Franza, Marco"]
[Result "1-0"]
[WhiteElo "1920"]
[BlackElo "2009"]
[PlyCount "67"]
[EventDate "1999.08.30"]

1. c4 Nf6 2. d4 c5 3. d5 d6 4. Nc3 g6 5. f4 Bg7 6. e4 O-O 7. Nf3 Bg4 8. Be2 e6
9. h3 Bxf3 10. Bxf3 exd5 11. cxd5 Nbd7 12. O-O a6 13. a4 Qc7 14. Kh1 Rae8 15.
Be3 Nb6 16. Qd3 Nfd7 17. a5 Nc8 18. Qc4 Na7 19. Rfc1 Nb5 20. Nxb5 axb5 21. Qxb5
f5 22. Ra4 fxe4 23. Bg4 Nf6 24. Be6+ Kh8 25. g4 Rxe6 26. dxe6 Qe7 27. Qe2 Qxe6
28. Qc4 Qd7 29. Ra3 h5 30. Rc2 hxg4 31. hxg4 d5 32. Qxc5 Nxg4 33. Bd4 Bxd4 34.
Qxf8+ 1-0

[Event "IV Festival A"]
[Site "Cesenatico ITA"]
[Date "1999.08.??"]
[Round "8"]
[White "Bellincampi, Stefano"]
[Black "Lazzarato, Alberto"]
[Result "1/2-1/2"]
[WhiteElo "2043"]
[BlackElo "2177"]
[PlyCount "68"]
[EventDate "1999.08.30"]

1. e4 e5 2. Nf3 Nc6 3. Bb5 a6 4. Bxc6 dxc6 5. O-O f6 6. d4 Bg4 7. dxe5 Qxd1 8.
Rxd1 fxe5 9. Rd3 Bd6 10. Nbd2 b5 11. a4 Ne7 12. h3 Be6 13. b3 O-O 14. Bb2 Ng6
15. c4 Nf4 16. Re3 Bc5 17. Bxe5 Bxe3 18. fxe3 Ng6 19. Bxc7 Rfe8 20. e5 Nf8 21.
Bd6 Bd7 22. c5 Ne6 23. Ne4 h6 24. Nh4 Nd8 25. Nf3 Be6 26. Ned2 Nf7 27. b4 Bd7
28. Kf2 Kh7 29. e4 Kg8 30. Ke3 Nd8 31. Nb3 Ne6 32. Na5 Rac8 33. Nb3 Ra8 34. Na5
Rac8 1/2-1/2

[Event "IV Festival A"]
[Site "Cesenatico ITA"]
[Date "1999.08.??"]
[Round "8"]
[White "Brancaleoni, Maurizio"]
[Black "Fuellgrabe, Thomas"]
[Result "0-1"]
[WhiteElo "2197"]
[BlackElo "2197"]
[PlyCount "56"]
[EventDate "1999.08.30"]

1. e4 c5 2. Nf3 Nc6 3. c3 Nf6 4. e5 Nd5 5. d4 cxd4 6. cxd4 g6 7. Qb3 e6 8. Nc3
Nxc3 9. bxc3 d6 10. Bg5 Be7 11. h4 dxe5 12. dxe5 Bxg5 13. hxg5 Qc7 14. Bb5 Bd7
15. O-O a6 16. Bxc6 Bxc6 17. Qc4 h6 18. Rfd1 hxg5 19. Rd6 Ke7 20. Nxg5 Rh1+ 21.
Kxh1 Bxg2+ 22. Kxg2 Qxc4 23. Rd4 Qe2 24. Ne4 Rd8 25. Nc5 Rxd4 26. cxd4 b6 27.
Nb3 a5 28. Rb1 Qxa2 0-1

[Event "IV Festival A"]
[Site "Cesenatico ITA"]
[Date "1999.08.??"]
[Round "8"]
[White "Braun, Christian"]
[Black "Malesevic, Vitomir"]
[Result "1/2-1/2"]
[WhiteElo "2167"]
[BlackElo "2263"]
[PlyCount "77"]
[EventDate "1999.08.30"]

1. d4 d5 2. c4 c6 3. Nc3 Nf6 4. e3 a6 5. Nf3 Nbd7 6. Qc2 e6 7. h3 Bd6 8. Bd2
Qe7 9. g4 h6 10. Rg1 e5 11. dxe5 Nxe5 12. Nxe5 Qxe5 13. f4 Qe6 14. cxd5 Nxd5
15. Nxd5 cxd5 16. O-O-O Bd7 17. Kb1 Rc8 18. Qb3 Bc6 19. Bd3 Rc7 20. Bf5 Qe7 21.
Bc3 Rg8 22. Ba5 b6 23. Qxb6 Bd7 24. Bd3 Kf8 25. Rc1 Rxc1+ 26. Rxc1 g6 27. Qd4
f6 28. Bc7 Bb4 29. Qxd5 Kg7 30. g5 hxg5 31. fxg5 fxg5 32. Be5+ Kh7 33. Rc7 Rd8
34. Qe4 Qe6 35. Bd4 Qxe4 36. Bxe4 Kh6 37. Bf6 Re8 38. Rxd7 Rxe4 39. Rd4 1/2-1/2

[Event "IV Festival A"]
[Site "Cesenatico ITA"]
[Date "1999.08.??"]
[Round "8"]
[White "Cacco, Christian"]
[Black "Vancini, Edoardo"]
[Result "1-0"]
[WhiteElo "2292"]
[BlackElo "2255"]
[PlyCount "105"]
[EventDate "1999.08.30"]

1. d4 Nf6 2. Nf3 c5 3. c3 e6 4. Bg5 d5 5. e3 b6 6. Nbd2 Be7 7. Bd3 Nbd7 8. O-O
O-O 9. a3 Qc7 10. Qe2 Bb7 11. e4 dxe4 12. Nxe4 Rfe8 13. Ng3 Bd6 14. Rfe1 Bf4
15. Ne4 Nxe4 16. Bxe4 Bxe4 17. Qxe4 Bxg5 18. Nxg5 Nf6 19. Qe5 Rac8 20. Rad1
cxd4 21. Qxc7 Rxc7 22. Rxd4 Rc5 23. Ne4 Nxe4 24. Rexe4 Kf8 25. Kf1 Ke7 26. Ra4
Rc7 27. Rec4 Rd7 28. Ra6 Red8 29. g3 Rb7 30. a4 Rd2 31. b4 Rc2 32. a5 Ra2 33.
Ke1 e5 34. Re4 f6 35. f4 Rxh2 36. axb6 axb6 37. fxe5 f5 38. Rc4 Ke6 39. Rc6+
Kxe5 40. Rcxb6 Rxb6 41. Rxb6 Rg2 42. c4 Rxg3 43. c5 h5 44. c6 Kd6 45. b5 h4 46.
Rb7 h3 47. Kf2 h2 48. Rd7+ Ke6 49. Rd1 Rc3 50. Kg2 Rc2+ 51. Kh1 Rc5 52. Rb1 Kd6
53. b6 1-0

[Event "IV Festival A"]
[Site "Cesenatico ITA"]
[Date "1999.08.??"]
[Round "8"]
[White "Costantini, Roberto"]
[Black "Gaiba, Paolo"]
[Result "0-1"]
[WhiteElo "2196"]
[BlackElo "2149"]
[PlyCount "48"]
[EventDate "1999.08.30"]

1. e4 e5 2. d4 Nc6 3. dxe5 Nxe5 4. Nf3 Ng6 5. Bc4 d6 6. O-O Be6 7. Bxe6 fxe6 8.
Ng5 Qf6 9. Qg4 Kd7 10. Nc3 Nh6 11. Qe2 a6 12. f4 Re8 13. Be3 Kc8 14. Rad1 Be7
15. Qc4 Ng4 16. Bd4 N6e5 17. fxe5 Qxg5 18. Bb6 c6 19. Qxe6+ Kb8 20. exd6 Bd8
21. Bxd8 Qe3+ 22. Kh1 Rxe6 23. Bc7+ Kc8 24. Rd3 Nf2+ 0-1

[Event "IV Festival A"]
[Site "Cesenatico ITA"]
[Date "1999.08.??"]
[Round "8"]
[White "Di Lazzaro, Gabriele"]
[Black "Albert, Marion"]
[Result "0-1"]
[WhiteElo "2015"]
[BlackElo "2103"]
[PlyCount "74"]
[EventDate "1999.08.30"]

1. e4 Nf6 2. e5 Nd5 3. d4 d6 4. Nf3 g6 5. Bc4 Nb6 6. Bb3 Bg7 7. O-O O-O 8. h3
Nc6 9. exd6 cxd6 10. c3 Qc7 11. Bf4 e5 12. dxe5 dxe5 13. Bg3 Na5 14. Bc2 Be6
15. Nbd2 Rad8 16. Qb1 f6 17. Nb3 Nac4 18. Nbd4 Bf7 19. a4 Qc8 20. a5 Nd7 21.
Ne2 Nc5 22. b4 Nd2 23. Nxd2 Rxd2 24. Re1 Ne6 25. Bb3 Rfd8 26. f3 Bh6 27. Bf2
R8d6 28. Bxa7 Ng5 29. Bxf7+ Kxf7 30. Qb3+ Kg7 31. Red1 Nxf3+ 32. Kh1 Rxe2 33.
Bg1 Nd2 34. Rxd2 Rdxd2 35. c4 Rxg2 36. b5 Qf5 37. Rd1 Rxg1+ 0-1

[Event "IV Festival A"]
[Site "Cesenatico ITA"]
[Date "1999.08.??"]
[Round "8"]
[White "Drazic, Sinisa"]
[Black "Naumkin, Igor"]
[Result "0-1"]
[WhiteElo "2493"]
[BlackElo "2489"]
[PlyCount "80"]
[EventDate "1999.08.30"]

1. d4 e6 2. g3 Nf6 3. Bg2 d5 4. Nf3 c5 5. c4 cxd4 6. Nxd4 Nc6 7. O-O Bc5 8. Nb3
Bb6 9. cxd5 Nxd5 10. Na3 O-O 11. Nc4 Bc7 12. Ne3 Qe7 13. Nxd5 exd5 14. Be3 Rd8
15. Qd2 h6 16. Bc5 Qf6 17. Nd4 Be5 18. Nxc6 bxc6 19. Ba3 Rb8 20. Qa5 Bxb2 21.
Rab1 Rb5 22. Qxb5 cxb5 23. Bxb2 Qa6 24. a3 Bg4 25. Rfe1 d4 26. h3 Be6 27. Red1
Bc4 28. Rxd4 Rxd4 29. Bxd4 Qxa3 30. Ra1 Ba2 31. e3 b4 32. Bxa7 Qxa7 33. Bd5 Qa4
34. Bxa2 b3 35. Bxb3 Qxa1+ 36. Kg2 Qa8+ 37. Kg1 Kf8 38. Bc4 Ke7 39. Bf1 Kd6 40.
Bg2 Qa1+ 0-1

[Event "IV Festival A"]
[Site "Cesenatico ITA"]
[Date "1999.08.??"]
[Round "8"]
[White "Franza, Marco"]
[Black "Gaido, Paolo"]
[Result "1-0"]
[WhiteElo "2009"]
[BlackElo "2154"]
[PlyCount "69"]
[EventDate "1999.08.30"]

1. e4 d6 2. d4 Nf6 3. Nc3 g6 4. f4 Bg7 5. Nf3 O-O 6. Bc4 Nxe4 7. Bxf7+ Rxf7 8.
Nxe4 Rf8 9. c3 d5 10. Nc5 b6 11. Nd3 Qd6 12. O-O c5 13. Be3 cxd4 14. Bxd4 Nc6
15. Bxg7 Kxg7 16. Qa4 Bd7 17. Nfe5 Nxe5 18. Qd4 Bb5 19. fxe5 Qc6 20. e6+ Rf6
21. Nb4 Qc5 22. Qxc5 Rxf1+ 23. Rxf1 bxc5 24. Rf7+ Kh6 25. Nxd5 Rd8 26. Nc7 Bc6
27. Kf1 Rd1+ 28. Ke2 Rb1 29. Rxe7 Rxb2+ 30. Kd3 Rxg2 31. Kc4 Rxh2 32. Kxc5 Ba4
33. Nd5 g5 34. Rxa7 Be8 35. Nf6 1-0

[Event "IV Festival A"]
[Site "Cesenatico ITA"]
[Date "1999.08.??"]
[Round "8"]
[White "Iotti, Pierluigi"]
[Black "Lagrotteria, Salvatore"]
[Result "1/2-1/2"]
[WhiteElo "2326"]
[BlackElo "2204"]
[PlyCount "78"]
[EventDate "1999.08.30"]

1. d4 d5 2. c4 dxc4 3. Nc3 e6 4. e4 c6 5. a4 Nf6 6. Bxc4 Bb4 7. f3 Nbd7 8. Nge2
O-O 9. O-O e5 10. Be3 Qe7 11. Qc2 exd4 12. Nxd4 Ne5 13. Ba2 Ne8 14. h3 Nd7 15.
Nf5 Qf6 16. Ne2 Ne5 17. f4 Ng6 18. Bd4 Qd8 19. Rad1 Qc7 20. g4 a5 21. Rd3 Be6
22. Bb3 Bxb3 23. Qxb3 c5 24. Rc1 Nxf4 25. Nxf4 Qxf4 26. Rf1 Qc7 27. Rc1 Ra6 28.
Qd5 Re6 29. b3 Nf6 30. Bxf6 Rxf6 31. e5 Re6 32. Nd6 Qe7 33. Nc4 h5 34. Rf1 Rg6
35. Rg3 hxg4 36. Rxg4 Rxg4+ 37. hxg4 Bc3 38. Kg2 Qg5 39. Kg3 Qe7 1/2-1/2

[Event "IV Festival A"]
[Site "Cesenatico ITA"]
[Date "1999.08.??"]
[Round "8"]
[White "Marzano, Carlo"]
[Black "Bonacci, Mauro"]
[Result "0-1"]
[WhiteElo "2233"]
[BlackElo "2178"]
[PlyCount "98"]
[EventDate "1999.08.30"]

1. d4 Nf6 2. Nf3 g6 3. c4 Bg7 4. Nc3 d6 5. e4 O-O 6. Be2 e5 7. d5 a5 8. Bg5 Na6
9. Nd2 h6 10. Be3 b6 11. O-O Kh8 12. a3 Bd7 13. Rb1 Nc5 14. b4 axb4 15. axb4
Na4 16. Nxa4 Bxa4 17. Qc1 Qe7 18. b5 Ra7 19. Rb4 Rfa8 20. Qb2 Nd7 21. Ra1 f5
22. f3 Nc5 23. Ra3 fxe4 24. Nxe4 Nxe4 25. fxe4 Qh4 26. Bf2 Qxe4 27. Bd3 Qg4 28.
Be2 Qf5 29. Qa1 e4 30. Bd4 Bxd4+ 31. Qxd4+ Kh7 32. Rb1 Bc2 33. Rxa7 Rxa7 34.
Rf1 Qe5 35. Rf7+ Kg8 36. Qf2 Ra8 37. Qf6 Qxf6 38. Rxf6 e3 39. Rf1 Be4 40. g3
Ra2 41. Re1 Kg7 42. Bf1 Ra3 43. Bg2 Bf5 44. Bf3 g5 45. Be2 Kg6 46. Rd1 Kf6 47.
Kf1 Ra2 48. Ke1 Rxe2+ 49. Kxe2 Bg4+ 0-1

[Event "IV Festival A"]
[Site "Cesenatico ITA"]
[Date "1999.08.??"]
[Round "8"]
[White "Nijboer, Friso"]
[Black "Visser, Yge"]
[Result "1-0"]
[WhiteElo "2559"]
[BlackElo "2378"]
[PlyCount "59"]
[EventDate "1999.08.30"]

1. e4 e6 2. d4 d5 3. Nc3 Nf6 4. e5 Nfd7 5. f4 c5 6. Nf3 Nc6 7. Be3 a6 8. Qd2 b5
9. Be2 Bb7 10. O-O Rc8 11. Kh1 Qc7 12. f5 cxd4 13. Nxd4 Nxd4 14. Bxd4 b4 15.
fxe6 fxe6 16. Qf4 bxc3 17. b4 Nb8 18. Bh5+ g6 19. Qf6 Qg7 20. Qxe6+ Qe7 21.
Bxg6+ hxg6 22. Qxg6+ Kd8 23. Bb6+ Rc7 24. Bxc7+ Kc8 25. Rf7 Rh6 26. Qf5+ Kxc7
27. e6 Kd6 28. Rxe7 Kxe7 29. Qe5 d4 30. Qc5+ 1-0

[Event "IV Festival A"]
[Site "Cesenatico ITA"]
[Date "1999.08.??"]
[Round "8"]
[White "Perich, Stefano"]
[Black "Maio, Matteo"]
[Result "0-1"]
[WhiteElo "2059"]
[BlackElo "2137"]
[PlyCount "98"]
[EventDate "1999.08.30"]

1. d4 Nf6 2. Nf3 g6 3. c4 Bg7 4. Nc3 O-O 5. e4 d6 6. h3 c5 7. Be3 Nbd7 8. Qd2
Qa5 9. Bd3 a6 10. O-O cxd4 11. Nxd4 Ne5 12. Be2 Qc7 13. Nd5 Qd8 14. Nxf6+ Bxf6
15. a4 Bd7 16. a5 Rc8 17. Rac1 e6 18. Rfd1 Bc6 19. Nxc6 Nxc6 20. Bb6 Qe8 21.
Qxd6 Bxb2 22. Rb1 Be5 23. Qd7 Bc3 24. Qxb7 f5 25. exf5 Rxf5 26. Bg4 Rb8 27.
Qxa6 Ra8 28. Rd8 Qxd8 29. Bxd8 Rxa6 30. Bxf5 Nxd8 31. Be4 Rxa5 32. Kh2 Rc5 33.
Rb8 Bf6 34. Rb4 Nf7 35. f4 Nd6 36. Bd3 Kf7 37. g4 h6 38. Ra4 g5 39. Kg3 gxf4+
40. Kxf4 Be5+ 41. Kf3 Kf6 42. h4 Bd4 43. Kf4 Bf2 44. g5+ hxg5+ 45. hxg5+ Rxg5
46. Ra6 Bc5 47. Ra8 Rg2 48. Ra5 Rd2 49. Bh7 Rd4+ 0-1

[Event "IV Festival A"]
[Site "Cesenatico ITA"]
[Date "1999.08.??"]
[Round "8"]
[White "Reichenbacher, Gerhard"]
[Black "Cadelli, Luciano"]
[Result "0-1"]
[WhiteElo "2057"]
[BlackElo "2116"]
[PlyCount "83"]
[EventDate "1999.08.30"]

1. e4 e5 2. Bc4 Nf6 3. d3 Bc5 4. Nc3 Nc6 5. f4 d6 6. Nf3 Bg4 7. h3 Bxf3 8. gxf3
Nh5 9. h4 exf4 10. Nd5 g5 11. c3 Ne5 12. Bb3 Bb6 13. d4 Ng6 14. hxg5 Ng3 15.
Nf6+ Kf8 16. Rxh7 Rxh7 17. Nxh7+ Kg7 18. Bxf4 Nxf4 19. Qd2 Nfe2 20. Bc4 Qh8 21.
Bxe2 Qxh7 22. O-O-O Qh2 23. Re1 Rh8 24. Kc2 Qf2 25. Kb3 Rh2 26. Qf4 Nh5 27. Qc1
c6 28. Bc4 Bd8 29. Rf1 Qd2 30. Qxd2 Rxd2 31. f4 b5 32. Bxf7 Kxf7 33. Rh1 Nxf4
34. Rh7+ Ke6 35. Rxa7 Nd3 36. d5+ cxd5 37. exd5+ Kxd5 38. g6 Rxb2+ 39. Ka3 Bb6
40. c4+ Kxc4 41. Rc7+ Bc5+ 42. Rxc5+ 0-1

[Event "IV Festival A"]
[Site "Cesenatico ITA"]
[Date "1999.08.??"]
[Round "8"]
[White "Zama, Domenico"]
[Black "Gori, Andrea"]
[Result "1/2-1/2"]
[WhiteElo "1920"]
[BlackElo "2186"]
[PlyCount "63"]
[EventDate "1999.08.30"]

1. c4 e5 2. Nc3 d6 3. g3 Nc6 4. Bg2 Bd7 5. e3 g6 6. Nge2 Bg7 7. d4 Qc8 8. h4
Nf6 9. d5 Ne7 10. Qd3 Nh5 11. f3 f5 12. Bd2 a6 13. O-O-O b5 14. Rdg1 bxc4 15.
Qxc4 c6 16. dxc6 Be6 17. Qa4 Qxc6 18. Qxc6+ Nxc6 19. g4 Nf6 20. h5 gxh5 21.
gxf5 Bxf5 22. f4 Bd7 23. fxe5 dxe5 24. Ng3 Rc8 25. Nxh5 Nxh5 26. Rxh5 Bf6 27.
Rgh1 Nb4 28. Be4 Nxa2+ 29. Kb1 Nxc3+ 30. Bxc3 Rc5 31. Bxh7 Kf7 32. Be4 1/2-1/2

[Event "IV Festival A"]
[Site "Cesenatico ITA"]
[Date "1999.08.??"]
[Round "8"]
[White "Zucconi, Leandro"]
[Black "Tommasini, Enzo"]
[Result "1-0"]
[WhiteElo "2180"]
[BlackElo "2095"]
[PlyCount "71"]
[EventDate "1999.08.30"]

1. e4 e6 2. Nf3 d5 3. Nc3 Nf6 4. e5 Nfd7 5. d4 c5 6. Bb5 Nc6 7. O-O Qc7 8. Re1
a6 9. Bxc6 bxc6 10. Bg5 Rb8 11. Rb1 Bb7 12. Ne2 cxd4 13. Qxd4 h6 14. Bh4 g5 15.
Bg3 Be7 16. b4 c5 17. bxc5 Nxc5 18. Nd2 Kf8 19. Qe3 Kg7 20. Nd4 Qd8 21. Rb2 Rc8
22. Reb1 Qe8 23. Rb6 Qd7 24. Kh1 Bd8 25. Rd6 Qe7 26. f4 Kh7 27. Rf1 Bc7 28.
fxg5 Bxd6 29. exd6 Qxg5 30. Rxf7+ Kg8 31. Bf4 Kxf7 32. Bxg5 hxg5 33. Qxg5 Rcg8
34. Qe7+ Kg6 35. N2f3 Rb8 36. Ne5+ 1-0

[Event "IV Festival A"]
[Site "Cesenatico ITA"]
[Date "1999.08.??"]
[Round "9"]
[White "Albert, Marion"]
[Black "Danielsen, Heini"]
[Result "0-1"]
[WhiteElo "2103"]
[BlackElo "2135"]
[PlyCount "74"]
[EventDate "1999.08.30"]

1. e4 c5 2. d4 cxd4 3. c3 dxc3 4. Nxc3 Nc6 5. Nf3 e6 6. Bc4 a6 7. O-O Qc7 8.
Qe2 Bd6 9. Rd1 Nge7 10. Be3 Ng6 11. Rac1 Nge5 12. Nxe5 Bxe5 13. g3 b5 14. Bb3
Bb7 15. f4 Bd6 16. Qf2 Rc8 17. Bb6 Qb8 18. Qd2 Ba8 19. Be3 Be7 20. Qxd7+ Kf8
21. Qd2 Na5 22. Nxb5 Nxb3 23. Rxc8+ Qxc8 24. axb3 axb5 25. b4 Bxe4 26. Rc1 Qd8
27. Qf2 f6 28. Bb6 Qd7 29. Qe1 Qb7 30. Qe3 Kf7 31. Rc7 Qd5 32. Qc3 Re8 33. Bd4
Bh1 34. Kf2 Qg2+ 35. Ke1 Ra8 36. b3 Ra2 37. Qe3 Ke8 0-1

[Event "IV Festival A"]
[Site "Cesenatico ITA"]
[Date "1999.08.??"]
[Round "9"]
[White "Bellincampi, Stefano"]
[Black "Di Lazzaro, Gabriele"]
[Result "1-0"]
[WhiteElo "2043"]
[BlackElo "2015"]
[PlyCount "121"]
[EventDate "1999.08.30"]

1. e4 c5 2. c3 e6 3. d4 cxd4 4. cxd4 d5 5. exd5 exd5 6. Bd3 Nc6 7. Ne2 Nf6 8.
Nbc3 h6 9. O-O Bd6 10. a3 O-O 11. Bc2 Ne7 12. Ng3 Bg4 13. f3 Bd7 14. Be3 Bxg3
15. hxg3 Bf5 16. Rc1 Bxc2 17. Rxc2 Rc8 18. Re1 Nf5 19. Bf2 Re8 20. g4 Rxe1+ 21.
Qxe1 Nd6 22. Bh4 g5 23. Bg3 Nc4 24. Qc1 Qb6 25. Bf2 Re8 26. Nxd5 Nxd5 27. Rxc4
Nf4 28. Qb1 Qb3 29. Rb4 Qd5 30. Qc2 Qa2 31. Qd1 Rc8 32. Kh2 b6 33. d5 Qxd5 34.
Rd4 Qe6 35. Rd8+ Rxd8 36. Qxd8+ Kh7 37. Bd4 Ng6 38. Bc3 Qe7 39. Qd4 f6 40. Qxf6
Qxf6 41. Bxf6 Nf4 42. g3 Ne6 43. Kg2 Kg6 44. Be5 b5 45. Kf2 a5 46. Bc3 a4 47.
Ke3 h5 48. gxh5+ Kxh5 49. Ke4 Kg6 50. Kd5 Kf7 51. Kc6 Nd8+ 52. Kxb5 Ke6 53.
Kxa4 Kd5 54. Kb5 Nb7 55. a4 Nd6+ 56. Kb6 Nf5 57. a5 Nd6 58. a6 Nc8+ 59. Kb7
Nd6+ 60. Kc7 Nb5+ 61. Kb6 1-0

[Event "IV Festival A"]
[Site "Cesenatico ITA"]
[Date "1999.08.??"]
[Round "9"]
[White "Bonacci, Mauro"]
[Black "Rotstein, Arkadij"]
[Result "0-1"]
[WhiteElo "2178"]
[BlackElo "2460"]
[PlyCount "76"]
[EventDate "1999.08.30"]

1. e4 c5 2. Nf3 e6 3. d4 cxd4 4. Nxd4 a6 5. Bd3 Bc5 6. Nb3 Be7 7. O-O d6 8. Be3
Nf6 9. c4 Nbd7 10. Nc3 b6 11. f4 Bb7 12. Rc1 O-O 13. g4 Nc5 14. Nxc5 bxc5 15.
g5 Nd7 16. Qh5 g6 17. Qh6 Re8 18. f5 Bf8 19. Qh3 Ne5 20. fxg6 fxg6 21. Be2 Bg7
22. Rcd1 Qe7 23. Qg3 Rf8 24. h4 Bc6 25. Rd2 Rxf1+ 26. Bxf1 Rf8 27. Be2 Rb8 28.
a3 Nf7 29. Bf3 Rb3 30. Nd1 Ne5 31. Rc2 Qb7 32. Bg4 Bxe4 33. Bxe6+ Kh8 34. Rf2
Rd3 35. Nc3 Nf3+ 36. Rxf3 Bxf3 37. Bd5 Bxd5 38. Qxd6 Bxc4 0-1

[Event "IV Festival A"]
[Site "Cesenatico ITA"]
[Date "1999.08.??"]
[Round "9"]
[White "Cadelli, Luciano"]
[Black "Marzano, Carlo"]
[Result "0-1"]
[WhiteElo "2116"]
[BlackElo "2233"]
[PlyCount "114"]
[EventDate "1999.08.30"]

1. d4 d6 2. Nf3 g6 3. g3 Bg7 4. Bg2 Nf6 5. c4 O-O 6. Nc3 Nbd7 7. O-O e5 8. dxe5
dxe5 9. e4 Re8 10. Re1 c6 11. b3 Qc7 12. Bb2 Nc5 13. Qc2 a5 14. Rad1 Nfd7 15.
Ba3 Bf8 16. Bc1 Nb8 17. Be3 Nba6 18. a3 f6 19. Rb1 Rd8 20. Red1 Rxd1+ 21. Rxd1
Bg4 22. h3 Be6 23. Bf1 Rd8 24. Kh2 Rxd1 25. Nxd1 Nd7 26. Bc1 Bc5 27. Ne3 Qd6
28. Qb2 Kf7 29. Be2 Ke7 30. Kg2 Nf8 31. Nc2 Ke8 32. Be3 Bxe3 33. Nxe3 Bf7 34.
Nd2 Ne6 35. f3 Nd4 36. Bd3 Ke7 37. Ndf1 Be6 38. h4 Bd7 39. Kf2 Qc5 40. Kg2 Be6
41. g4 h6 42. Kg3 Qb6 43. Qc3 Qc5 44. Qb2 Bd7 45. Kg2 Ne6 46. Kf2 Nf4 47. Bc2
Qd6 48. Ng2 Qc5+ 49. Nge3 Be6 50. Kg3 Qd6 51. Ng2 Ne2+ 52. Kf2 Nd4 53. Bd1 Nc5
54. Bc2 Na6 55. Bd1 Qc5 56. Nge3 Qb6 57. Kg3 Nc5 0-1

[Event "IV Festival A"]
[Site "Cesenatico ITA"]
[Date "1999.08.??"]
[Round "9"]
[White "Ciolac, Gheorghe"]
[Black "Nijboer, Friso"]
[Result "0-1"]
[WhiteElo "2364"]
[BlackElo "2559"]
[PlyCount "103"]
[EventDate "1999.08.30"]

1. e4 c5 2. Ne2 Nc6 3. Nbc3 e6 4. g3 Nf6 5. Bg2 a6 6. O-O d6 7. d4 cxd4 8. Nxd4
Bd7 9. a4 Be7 10. Nxc6 Bxc6 11. a5 O-O 12. Be3 Rc8 13. Bb6 Qe8 14. Re1 Nd7 15.
Bd4 Qd8 16. Na4 Bf6 17. Bxf6 Qxf6 18. b3 Rfd8 19. c4 Bxa4 20. Rxa4 Ne5 21. Ra2
Nc6 22. Qd2 e5 23. Rd1 Nd4 24. Qd3 Qe7 25. Bh3 Rb8 26. b4 h5 27. Rc1 g6 28. Bf1
h4 29. Qe3 Kg7 30. Rd2 Qf6 31. f4 hxg3 32. hxg3 Rh8 33. Rcd1 Rbd8 34. Rf2 Qe6
35. f5 Qf6 36. fxg6 Qxg6 37. Rxd4 Qh5 38. Bg2 exd4 39. Qxd4+ Qe5 40. Qe3 Rh5
41. Qf3 Rf8 42. Bf1 Rg5 43. Kg2 f6 44. Rd2 Re8 45. Kf2 f5 46. Qf4 fxe4 47.
Qxe5+ Rexe5 48. Rxd6 e3+ 49. Ke2 Rxg3 50. Rd7+ Kf6 51. Rxb7 Rf5 52. Rb8 0-1

[Event "IV Festival A"]
[Site "Cesenatico ITA"]
[Date "1999.08.??"]
[Round "9"]
[White "Drazic, Sinisa"]
[Black "Cacco, Christian"]
[Result "1-0"]
[WhiteElo "2493"]
[BlackElo "2292"]
[PlyCount "89"]
[EventDate "1999.08.30"]

1. c4 g6 2. Nc3 Bg7 3. Nf3 Nf6 4. g3 O-O 5. Bg2 d6 6. O-O c5 7. d4 Na6 8. b3
Bd7 9. Bb2 Qc8 10. Re1 Bh3 11. Bh1 cxd4 12. Nxd4 Qd7 13. Qd2 Nc5 14. Rad1 Rab8
15. Qc2 Rfc8 16. Bc1 a6 17. a4 Ne6 18. Nxe6 Bxe6 19. Qd3 Qc7 20. Be3 Qa5 21.
Ba7 Ra8 22. Bd4 Rab8 23. Bf3 Nd7 24. Bxg7 Kxg7 25. Qc2 b5 26. axb5 axb5 27. Bd5
bxc4 28. bxc4 Bxd5 29. Nxd5 e6 30. Ne3 Ne5 31. Qe4 Qc5 32. Rd4 Rb4 33. Rc1 h6
34. h4 f5 35. Qf4 Nf3+ 36. exf3 e5 37. Nxf5+ gxf5 38. Qxf5 exd4 39. Qd7+ Kh8
40. Re1 Rf8 41. g4 Qxc4 42. Qxd6 Rbb8 43. Qxh6+ Kg8 44. Qg6+ Kh8 45. Re7 1-0

[Event "IV Festival A"]
[Site "Cesenatico ITA"]
[Date "1999.08.??"]
[Round "9"]
[White "Gaiba, Paolo"]
[Black "Zama, Domenico"]
[Result "1-0"]
[WhiteElo "2149"]
[BlackElo "1920"]
[PlyCount "71"]
[EventDate "1999.08.30"]

1. e4 e5 2. Bc4 Nc6 3. c3 Nf6 4. Qb3 Qe7 5. Qc2 d6 6. d3 h6 7. Ne2 g5 8. Be3
Nh5 9. d4 Nf4 10. Bxf4 gxf4 11. d5 Nd8 12. Nd2 h5 13. h3 b6 14. Nf3 Bh6 15. Qd3
Nb7 16. b4 a5 17. Bb3 f5 18. Ba4+ Kf7 19. Bc6 fxe4 20. Qxe4 Ra7 21. Bb5 Qf6 22.
Bd3 Nd8 23. a3 Bb7 24. O-O c6 25. c4 c5 26. bxc5 bxc5 27. Rab1 Rg8 28. Rb6 Bc8
29. Kh2 Rb7 30. Rfb1 Rg7 31. Nxe5+ Qxe5 32. Qxe5 dxe5 33. Rxh6 Kg8 34. Rxh5
Rxb1 35. Bxb1 Rb7 36. Rxe5 1-0

[Event "IV Festival A"]
[Site "Cesenatico ITA"]
[Date "1999.08.??"]
[Round "9"]
[White "Gori, Andrea"]
[Black "Zucconi, Leandro"]
[Result "1-0"]
[WhiteElo "2186"]
[BlackElo "2180"]
[PlyCount "45"]
[EventDate "1999.08.30"]

1. e4 e6 2. d4 d5 3. Nc3 Nf6 4. Bg5 dxe4 5. Nxe4 Be7 6. Nxf6+ gxf6 7. Bh6 Nd7
8. Qf3 c5 9. O-O-O Qb6 10. Be3 Rg8 11. Ne2 cxd4 12. Bxd4 Bc5 13. Bxc5 Nxc5 14.
Ng3 Ke7 15. Nh5 e5 16. h3 Rg5 17. g4 f5 18. Bc4 Be6 19. Bxe6 fxe6 20. Rhe1 Ne4
21. Rxe4 Rxh5 22. Rxe5 fxg4 23. Qa3+ 1-0

[Event "IV Festival A"]
[Site "Cesenatico ITA"]
[Date "1999.08.??"]
[Round "9"]
[White "Grigore, George-Gabriel"]
[Black "Kamp, Christoph"]
[Result "1-0"]
[WhiteElo "2526"]
[BlackElo "2333"]
[PlyCount "89"]
[EventDate "1999.08.30"]

1. d4 e6 2. c4 d5 3. Nc3 c6 4. e4 dxe4 5. Nxe4 Nf6 6. Nxf6+ Qxf6 7. Nf3 h6 8.
Be2 Nd7 9. O-O Bd6 10. Bd2 O-O 11. Bc3 e5 12. dxe5 Nxe5 13. Re1 Re8 14. c5 Bc7
15. Nxe5 Bxe5 16. Bf1 Bf5 17. Rxe5 Rxe5 18. f4 Rd5 19. Qxd5 cxd5 20. Bxf6 gxf6
21. Rd1 Rc8 22. b4 Be4 23. Kf2 b6 24. Rc1 bxc5 25. bxc5 d4 26. Bb5 Rc7 27. c6
Kf8 28. g4 Bd5 29. a4 Ke7 30. Ke2 Kd6 31. Kd3 Bf3 32. h3 Bg2 33. Kxd4 Bxh3 34.
Rh1 Bxg4 35. Rxh6 a6 36. Rxf6+ Ke7 37. Rh6 axb5 38. axb5 Ra7 39. b6 Ra4+ 40.
Kc5 Ra5+ 41. Kb4 Ra1 42. b7 Rb1+ 43. Kc5 Rc1+ 44. Kb6 Rb1+ 45. Kc7 1-0

[Event "IV Festival A"]
[Site "Cesenatico ITA"]
[Date "1999.08.??"]
[Round "9"]
[White "Lagrotteria, Salvatore"]
[Black "Malesevic, Vitomir"]
[Result "1-0"]
[WhiteElo "2204"]
[BlackElo "2263"]
[PlyCount "56"]
[EventDate "1999.08.30"]

1. d4 d5 2. Nf3 Nf6 3. c4 c6 4. e3 Bg4 5. cxd5 Qxd5 6. Be2 Ne4 7. Nc3 Qa5 8.
Qb3 Nxc3 9. bxc3 e6 10. Qxb7 Qxc3+ 11. Nd2 Qxa1 12. O-O f5 13. Bxg4 fxg4 14.
Qxa8 Bd6 15. Ba3 Qxa2 16. Bxd6 Kf7 17. Qb7+ Kg6 18. Qb1+ Qxb1 19. Rxb1 Nd7 20.
Rb7 Nf6 21. Rxa7 Rd8 22. Be5 c5 23. f3 cxd4 24. exd4 Rc8 25. Bxf6 gxf6 26. fxg4
Rc2 27. Nf3 h5 28. gxh5+ Kxh5 1-0